00938nam a2200277Ia 4500001000700000003000500007008004100012010001100053040000900064090001600073100002900089245009700118260004400215300001100259502008800270650003200358650003600390650003100426901001600457902000600473910000900479942000600488942000600494999001900500952014100519Z_1385CHAP220113s1976 xx 000 0 und d a164474 cCHAP aTesis D 682 aDorn, Cecilia Ann934019 aField wilted compared to direct cut dehydrated alfalfa for ruminants /cby Cecilia Ann Dorn aLincoln, Nebraska :bThe author,c1976 a100 h. aThesis (Master of Science) -- University of Nebraska : Department of Animal Science aAlfalfa como forraje 93899 aAlfalfaxDeshidratación93860 aRumiantesxAlimentación  aTESIS D 682 aM a1976 c2 c2 c164474d164474 00102local4051708TESISaZbZd2005-11-09eEl autorl0oTesis D67 682 1976p5101000943r2022-01-18 00:00:00tEj.1w2022-01-18yTESIS